000 00772nam a2200253Ia 4500
003 OSt
005 20221005080435.0
006 a|||||r|||| 00| 0
007 ta
008 221004b |||||||| |||| 00| 0 eng d
020 _a9780198060451 (hbk)
_c895
024 _a23862
037 _b115, 04/12/2015, Excel Book International
_cTextual
040 _aCRL
_cCRL
_beng
041 _2eng
_aeng
082 _aV2z7, Q5
100 _aParekh Bhikhu
245 0 _aDebating India
_b Essays on Indian political discourse
260 _aNew Delhi
_bOxford University Press India
_c2015
300 _axix, 374p.
_ccm.
650 _aHISTORY
942 _hV2z7, Q5
_cTEXL
_2cc
999 _c986179
_d986179